Ciudades de España por imagen - Estadísticas

Estadísticas generales
  • Esta prueba ha sido intentada 6.256 veces
  • La puntuación promedio es 11 de 15
Estadísticas de respuestas
Imagen Respuesta % Correcto
Barcelona
100%
València
91%
Madrid
88%
Segovia
88%
Bilbao
87%
Córdoba
82%
Granada
78%
Sevilla
74%
Benidorm
73%
Santiago de Compostela
73%
Mérida
68%
Zaragoza
63%
Toledo
61%
Ávila
59%
Palma
44%
No se encontraron pruebas coincidentes
Distribución de puntuación
Porcentaje de gente con cada puntuación
Porcentaje por número respondido
Historial de tus puntuaciones
No has intentado esta prueba.